Clic Rang dans l'ordre de succession au trône britannique - Statistiques

Statistiques générales
  • Ce quiz a été pris 32 fois
  • Le résultat moyen est 9 sur 30
Statistiques - réponses
Hint Réponse % Correct
William de Galles 1
82%
Charlotte de Galles 3
82%
George de Galles 2
77%
Louis de Galles 4
73%
Henry de Sussex 5
68%
Archie de Sussex 6
68%
Lilibet de Sussex 7
59%
Beatrice d'York 9
45%
Andrew d'York 8
32%
Anne, princesse royale 17
27%
Edward d'Edimbourg 14
23%
Peter Phillips 18
23%
David Armstrong-Jones 25
23%
Sienna Mapelli Mozzi 10
18%
Eugenie d'York 11
18%
August Brooksbank 12
18%
James de Wessex 15
18%
Mia Tindall 22
18%
Lucas Tindall 24
18%
Ernest Brooksbank 13
14%
Louise Mountbatten-Windsor 16
14%
Savannah Phillips 19
14%
Lena Tindall 23
14%
Charles Armstrong-Jones 26
14%
Samuel Chatto 29
14%
Isla Phillips 20
9%
Margarita Armstrong-Jones 27
9%
Sarah Chatto 28
9%
Arthur Chatto 30
9%
Zara Tindall 21
5%
Aucun quiz correspondant
Distribution des résultats
% des personnes avec chaque résultat
Percentile par nombre de réponses
Votre historique - résultats
Vous n’avez pas pris ce quiz